Hodnotenie externých a interných faktorov ovplyvňujúcich nástupníctvo v rodinných podnikoch na Slovensku a v Rakúsku ako základ pre vytvorenie optimálneho modelu nástupníctva dizertačná práca
Guardado en:
| Autor principal: | |
|---|---|
| Autor Corporativo: | |
| Otros Autores: | |
| Formato: | Libro |
| Lenguaje: | eslovaco |
| Publicado: |
Bratislava
2022
|
| Materias: | |
| Etiquetas: |
Sin Etiquetas, Sea el primero en etiquetar este registro!
|
MARC
| LEADER | 00000nbm a2200000 4500 | ||
|---|---|---|---|
| 001 | 0287287 | ||
| 005 | 20231006083610.6 | ||
| 041 | 0 | |a slo | |
| 044 | |a SK | ||
| 245 | 1 | 0 | |a Hodnotenie externých a interných faktorov ovplyvňujúcich nástupníctvo v rodinných podnikoch na Slovensku a v Rakúsku ako základ pre vytvorenie optimálneho modelu nástupníctva |b dizertačná práca |c Ľubor Jusko ; školiteľ: Peter Dorčák |
| 264 | 1 | |a Bratislava |c 2022 | |
| 300 | |a 116 s. | ||
| 610 | 2 | 0 | |a podnik rodinný |
| 610 | 2 | 0 | |a nástupníctvo podnikové |
| 610 | 2 | 0 | |a Slovensko |
| 610 | 2 | 0 | |a Rakúsko |
| 100 | 1 | |a Jusko, Ľubor, 1979- | |
| 700 | 1 | |a Dorčák, Peter, 1979- | |
| 710 | 2 | |a Fakulta podnikového manažmentu EU. Katedra podnikových financií | |